Faculty of Law Library — Cairo University

Official Online Catalog

The antitrust revolution : (Record no. 76890)

MARC details
000 -LEADER
fixed length control field 01535cam a2200397 i 4500
003 - CONTROL NUMBER IDENTIFIER
control field EG-GICUC
005 - DATE AND TIME OF LATEST TRANSACTION
control field 20260514134605.0
008 - FIXED-LENGTH DATA ELEMENTS--GENERAL INFORMATION
fixed length control field 971219s1999 nyua frb 000 0 eng d
020 ## - INTERNATIONAL STANDARD BOOK NUMBER
International Standard Book Number 0195120140
Qualifying information cloth : alk. paper
020 ## - INTERNATIONAL STANDARD BOOK NUMBER
International Standard Book Number 0195120159
Qualifying information pbk. : alk. paper
020 ## - INTERNATIONAL STANDARD BOOK NUMBER
International Standard Book Number 9780195120141
Qualifying information (cloth : alk. paper)
020 ## - INTERNATIONAL STANDARD BOOK NUMBER
International Standard Book Number 9780195120158
Qualifying information (pbk. : alk. paper)
040 ## - CATALOGING SOURCE
Original cataloging agency DLC
Transcribing agency DLC
Modifying agency DLC
-- EG-GICUC
Language of cataloging eng
Description conventions rda
043 ## - GEOGRAPHIC AREA CODE
Geographic area code n-us---
050 00 - LIBRARY OF CONGRESS CALL NUMBER
Classification number HD2795
Item number .A64 1999
082 00 - DEWEY DECIMAL CLASSIFICATION NUMBER
Classification number 338.8073
Edition number 21
092 04 - LOCALLY ASSIGNED DEWEY CALL NUMBER (OCLC)
Edition number 21
099 ## - LOCAL FREE-TEXT CALL NUMBER (OCLC)
Classification number Law 13 1999
245 04 - TITLE STATEMENT
Title The antitrust revolution :
Remainder of title economics, competition, and policy /
Statement of responsibility, etc. [edited by] John E. Kwoka, Jr., Lawrence J. White.
250 ## - EDITION STATEMENT
Edition statement 3rd edition.
264 ## - PRODUCTION, PUBLICATION, DISTRIBUTION, MANUFACTURE, AND COPYRIGHT NOTICE
Place of production, publication, distribution, manufacture New York :
Name of producer, publisher, distributor, manufacturer Oxford University Press,
Date of production, publication, distribution, manufacture, or copyright notice 1999.
300 ## - PHYSICAL DESCRIPTION
Extent xv, 475 pages :
Other physical details illustrations ;
Dimensions 25 cm.
336 ## - CONTENT TYPE
Content type term text
Source rdacontent
337 ## - MEDIA TYPE
Media type term Computer
Source rdamedia
338 ## - CARRIER TYPE
Carrier type term Online Resource
Source rdacarrier
504 ## - BIBLIOGRAPHY, ETC. NOTE
Bibliography, etc. note Includes bibliographical references.
650 #0 - SUBJECT ADDED ENTRY--TOPICAL TERM
Topical term or geographic name entry element Trusts, Industrial
General subdivision Government policy
Geographic subdivision United States
General subdivision Case studies.
650 #0 - SUBJECT ADDED ENTRY--TOPICAL TERM
Topical term or geographic name entry element Antitrust law
General subdivision Economic aspects
Geographic subdivision United States
General subdivision Case studies.
700 1# - ADDED ENTRY--PERSONAL NAME
Personal name Kwoka, John E.
700 1# - ADDED ENTRY--PERSONAL NAME
Personal name White, Lawrence J.
856 42 - ELECTRONIC LOCATION AND ACCESS
Uniform Resource Identifier <a href="https://fll.law.cu.edu.eg/fulltext/bks/ENGB13-00141.pdf">https://fll.law.cu.edu.eg/fulltext/bks/ENGB13-00141.pdf</a>
856 42 - ELECTRONIC LOCATION AND ACCESS
Materials specified Publisher description
Uniform Resource Identifier <a href="http://www.loc.gov/catdir/enhancements/fy0636/97052203-d.html">http://www.loc.gov/catdir/enhancements/fy0636/97052203-d.html</a>
856 41 - ELECTRONIC LOCATION AND ACCESS
Materials specified Table of contents only
Uniform Resource Identifier <a href="http://www.loc.gov/catdir/enhancements/fy0638/97052203-t.html">http://www.loc.gov/catdir/enhancements/fy0638/97052203-t.html</a>
905 ## - Cataloger and Reviser Names
Cataloger Name: Hend El khosy
942 ## - ADDED ENTRY ELEMENTS (KOHA)
Source of classification or shelving scheme Dewey Decimal Classification
Koha item type Books
Edition 21
Suppress in OPAC No
Holdings
Withdrawn status Lost status Source of classification or shelving scheme Damaged status Not for loan Collection Home library Current library Date acquired Total checkouts Full call number Barcode Date last seen Copy number Price effective from Koha item type Public note
    Dewey Decimal Classification     المالية العامة والتشريع الضريبي جــــامعة القــاهرة مكتبة كلية الحقوق - فـرع الشيخ زايد 14.05.2026   Law2 13 338.8073 KW . A 3ed - 1999 1300141 C1 ENGB13-00141 14.05.2026 1 14.05.2026 Books 1783

© All rights reserved — Faculty of Law, Cairo University